Central Library OPAC University of Rajshahi

India and the Atlantic charter / (Record no. 75936)

MARC details
000 -LEADER
fixed length control field 00734nam a2200253 a 4500
001 - CONTROL NUMBER
control field 75936
003 - CONTROL NUMBER IDENTIFIER
rucl marc code BD-RjUL
005 - DATE AND TIME OF LATEST TRANSACTION
control field 20211209082750.0
008 - FIXED-LENGTH DATA ELEMENTS--GENERAL INFORMATION
fixed length control field 190919q19421941pk 000 0 eng
035 ## - SYSTEM CONTROL NUMBER
System control number (BD-RjUL)76155
040 ## - CATALOGING SOURCE
Original cataloging agency DLC
Transcribing agency CarP
Modifying agency DLC
-- BD-RjUL
Language of cataloging eng
041 ## - LANGUAGE CODE
Language code of text/sound track or separate title eng
043 ## - GEOGRAPHIC AREA CODE
Geographic area code a-ii---
082 ## - DEWEY DECIMAL CLASSIFICATION NUMBER
Edition number 23
Classification number 327.54
Author mark and year CHI 1942
100 1# - MAIN ENTRY--PERSONAL NAME
Personal name Chand, Anup
9 (RLIN) 233026
245 10 - TITLE STATEMENT
Title India and the Atlantic charter /
Statement of responsibility, etc. Anup Chand
260 ## - PUBLICATION, DISTRIBUTION, ETC. (IMPRINT)
Place of publication, distribution, etc. Lahore:
Name of publisher, distributor, etc. The Author,
Date of publication, distribution, etc. [1942?]
300 ## - PHYSICAL DESCRIPTION
Pagination 68 p. ;
Size 19 cm.
650 ## - SUBJECT ADDED ENTRY--TOPICAL TERM
Topical term or geographic name as entry element Atlantic Charter
Chronological subdivision (1941)
9 (RLIN) 233029
Topical term or geographic name as entry element Atlantic Charter (1941)
9 (RLIN) 233030
651 #0 - SUBJECT ADDED ENTRY--GEOGRAPHIC NAME
Geographic name India
General subdivision Politics and government
Chronological subdivision 1919-1947.
9 (RLIN) 233028
942 ## - ADDED ENTRY ELEMENTS (KOHA)
Source of classification or shelving scheme Dewey Decimal Classification
Koha item type Rare Books
Holdings
Lost status Source of classification or shelving scheme Damaged status Not for loan Collection code Permanent Location Current Location Shelving location Date acquired Total Checkouts Full call number Date last seen Copy number Koha item type
  Dewey Decimal Classification   Not For Loan Rare Books Central Library, University of Rajshahi Central Library, University of Rajshahi Rare Book Section 18/09/2019   RA 327.54 CHI 1942 18/09/2019 C-1 Rare Books